| 000 | 01627nam a2200373Ia 4500 | ||
|---|---|---|---|
| 001 | ebr10364082 | ||
| 003 | CaPaEBR | ||
| 006 | m u | ||
| 007 | cr cn||||||||| | ||
| 008 | 091112s2010 ne a sb 001 0 eng d | ||
| 010 | _z 2009045795 | ||
| 020 | _z9789027206268 (hb : alk. paper) | ||
| 020 | _z9789027288578 (eb : alk. paper) | ||
| 040 |
_aCaPaEBR _cCaPaEBR |
||
| 035 | _a(OCoLC)593240234 | ||
| 050 | 1 | 4 |
_aPN5184.P6 _bL42 2010eb |
| 082 | 0 | 4 |
_a302.230944 _222 |
| 100 | 1 | _aLe, Elisabeth. | |
| 245 | 1 | 0 |
_aEditorials and the power of media _h[electronic resource] : _binterweaving of socio-cultural identities / _cElisabeth Le. |
| 260 |
_aAmsterdam ; _aPhiladelphia : _bJohn Benjamins Pub. Co., _cc2010. |
||
| 300 |
_axiv, 238 p. : _bill. |
||
| 490 | 1 |
_aDiscourse approaches to politics, society and culture ; _v35 |
|
| 504 | _aIncludes bibliographical references and index. | ||
| 533 |
_aElectronic reproduction. _bPalo Alto, Calif. : _cebrary, _d2011. _nAvailable via World Wide Web. _nAccess may be limited to ebrary affiliated libraries. |
||
| 630 | 0 | 0 | _aMonde. |
| 650 | 0 |
_aJournalism _xPolitical aspects _zFrance _vCase studies. |
|
| 650 | 0 |
_aPress and politics _zFrance _vCase studies. |
|
| 650 | 0 |
_aEditorials _zFrance _xHistory _y20th century _vCase studies. |
|
| 650 | 0 |
_aDiscourse analysis _xPolitical aspects _zFrance. |
|
| 655 | 7 |
_aElectronic books. _2local |
|
| 710 | 2 | _aebrary, Inc. | |
| 830 | 0 |
_aDiscourse approaches to politics, society, and culture ; _v35. |
|
| 856 | 4 | 0 |
_uhttp://site.ebrary.com/lib/rucke/Doc?id=10364082 _zAn electronic book accessible through the World Wide Web; click to view |
| 999 |
_c111272 _d111272 |
||